| 000 | 00928nam0a22002651 4500 | ||
|---|---|---|---|
| 001 | rc\2255321 | ||
| 005 | 20250623070514.0 | ||
| 035 | _a(NLR Aleph) 006655091 | ||
| 090 |
_a4835092 _c4835092 |
||
| 100 | _a20110829d1978 |||y0rusy50 ca | ||
| 101 | 0 | _arus | |
| 102 | _aRU | ||
| 105 | _aa z ||||| | ||
| 200 | 1 | _aЭкспериментальное исследование эффекта усиления обратного рассеяния в турбулентной атмосфере | |
| 210 |
_aМосква _cБ. и. _d1978 |
||
| 215 |
_a22 с. _cсхем. _d20 |
||
| 225 | 1 |
_aПрепринт _fАН СССР, Ин-т физики атмосферы |
|
| 320 | _aБиблиогр.: с. 22 | ||
| 700 | 1 |
_aКашкаров _bС.С. _gСергей Сергеевич |
|
| 801 | 0 |
_aRU _bNLR _gpsbo |
|
| 801 | 1 |
_aRU _bELAR _2rusmarc |
|
| 852 |
_aNLR _j79-4/6038 |
||
| 899 |
_aRuMoRGB _jБ 78-56/4474 |
||
| 942 | _cBOOK | ||
| 980 | _aNB | ||